Statistiques concernant Incollable #55 - Maths-Français

Cliquez ici pour prendre le quiz!

Statistiques générales

  • Ce quiz a été pris 534 fois
  • Le résultat moyen est 10 sur 11

Statistiques - réponses

NiveauxQuestionsRéponses% Correct
CE1Quel nombre vient juste après 999 ?1000
100%
CE2Justin a 16 cartes. Il en perd 7, puis en gagne 15. Combien a-t-il de cartes maintenant ?24
100%
CollègeQuelle est l’aire d’un rectangle de 3 cm de haut sur 8 cm de large ?24 cm²
100%
CPQuel nombre est égal à 20+10+5 ?35
100%
CM1Léo est né en 1996. Son frère à 5 ans de moins que lui. En quelle année est-il né ?En 2001
98%
CM2Dans une bouteille d’eau de 75 cL, combien de cL représente 1/3 d’eau ?25 cL
95%
CM2De quel verbe le mot « plu » est-il le participe passé ?Pleuvoir | Plaire
95%
CM1En dix lettres, commençant par E: synonyme de « professeur ».Enseignant
89%
LycéeUn champ mesure 30 mètres de long et 20 mètres de large. Quelle est sa surface en ares ?6 ares (1 are=100 m², or 30*20=600 m²)
75%
LycéeConjugue le verbe « vaincre » à la première personne du singulier du présent de l’indicatif.Je vaincs
64%
CollègeConjugue le verbe vouloir à la deuxième personne du pluriel du présent du conditionnel.Voudriez
52%

Distribution des résultats

Percentile par nombre de réponses

% des personnes avec chaque résultat

Votre développement - résultats

Vous n’avez pas pris ce quiz